| 000 -LEADER |
| fixed length control field |
00290nam a22001337a 4500 |
| 008 - FIXED-LENGTH DATA ELEMENTS--GENERAL INFORMATION |
| fixed length control field |
181009b xxu||||| |||| 00| 0 eng d |
| 020 ## - INTERNATIONAL STANDARD BOOK NUMBER |
| International Standard Book Number |
9780826904256 |
| 041 ## - LANGUAGE CODE |
| Language code of text/sound track or separate title |
eng |
| 080 ## - UNIVERSAL DECIMAL CLASSIFICATION NUMBER |
| Edition identifier |
4th |
| Universal Decimal Classification number |
720 |
| 100 ## - Rafti |
| Rafti |
41 |
| 101 ## - Shkurtesa |
| Shkurtesa |
ARK |
| 245 ## - TITLE STATEMENT |
| Title |
Printreading |
| Statement of responsibility, etc |
Proctor,Th.E |
| 942 ## - ADDED ENTRY ELEMENTS (KOHA) |
| Source of classification or shelving scheme |
|
| Item type |
Books |